000
002450000a22000970004500
100
1
_a
Míguez Bonino, José
245
1
0
_a
La actitud evangélica
300
_a
Vol. 3, Núm 4 (1995), Páginas 14-16
773
0
_t
Textos para la acción
942
_c
ANA
999
_c
53245
_d
53245